| 000 | 00470nam a22001697a 4500 | ||
|---|---|---|---|
| 005 | 20250102160925.0 | ||
| 010 | _aENG-143161 | ||
| 020 |
_c350.00 _a9788192117829 |
||
| 035 | _aEN-126693 | ||
| 037 | _bDBAD | ||
| 082 | _a230.2 | ||
| 100 |
_aRaj, M.C. _975739 |
||
| 245 |
_aA Change A Day: _bSmall Practical Changes in Modern Life/ _cby J D Bhardwaj |
||
| 260 |
_aBanglore _bGreen Ink |
||
| 300 |
_a306p. _c22cm(pbk) |
||
| 942 |
_2ddc _cEN _mBHA _h230.2 |
||
| 999 |
_c207989 _d207989 |
||